000 00607nam a2200205Ia 4500
001 10798
003 GE_BSU
008 181216s||||||||xx |||||||||||||| ||und||
040 _cGE_BSU
080 _a821.353.1-2
100 _aქელბაქიანი,გენო.
245 _aპიესები.
245 _cრედ.ხ.ბერულავა; მხატვ.მ.ნონიკაშვილი.
260 _aთბილისი.
260 _bხელოვნება.
260 _c1972.
300 _a350გვ;20სმ.
653 _aპიესები.
942 _cBK
999 _c44046
_d44046